| Поле | Название | Значение |
| |
Тип записи |
a |
| |
Библиографический уровень |
m |
| 001 |
Контрольный номер |
RU/УОНБ/EK_N/606399106 |
| 005 |
Дата корректировки |
20251120123930.6 |
| 010 |
Индекс ISBN |
__ |
| 9 |
Тираж |
12000 экз. |
| 013 |
Номер (ISMN) |
__ |
| d |
Цена |
2 р. |
| 071 |
Издательские номер (звукозапись и ноты) |
21 |
| a |
Номер, присвоенный агентством |
9311 |
| 100 |
Данные общей обработки |
__ |
| a |
Данные общей обработки |
20190320d1991 u y0rusy0189||||ca |
| 101 |
Язык документа |
0_ |
| a |
Язык текста |
rus |
| f |
Язык титульного листа |
rus |
| 102 |
Страна публикации |
__ |
| a |
Страна публикации |
RU |
| 105 |
Кодированные данные (монография) |
__ |
| a |
Кодированные данные (монография) |
y###||||000|y |
| 125 |
Кодированные данные звукозаписи и нотных изданий |
__ |
| a |
Форма изложения нотного текста |
с| |
| 128 |
Кодированные данные (звукозаписи-физические характеристики) |
__ |
| a |
Кодированные данные: Музыкальная форма и тональность или лад |
fm |
| c |
Инструменты или голоса, рекомендуемые для солистов (устаревшее) |
kt|| |
| 200 |
Заглавие и сведения об ответственности |
1_ |
| a |
Заглавие |
Вып. 31 |
| b |
Общее обозначение материала |
Ноты |
| f |
Первые сведения об ответственности |
сост. Ю. Наймушин |
| 210 |
Выходные данные |
1_ |
| d |
Дата издания |
1991 |
| 215 |
Физическое описание |
__ |
| a |
Объем |
32 с. |
| 327 |
Примечание о содержании |
11 |
| a |
Примечание о содержании |
Содерж. : Солнце красное : рус. нар. песня / обраб. З. Левиной. - Ай, все кумушки, домой : рус. нар. песня / обраб. В. Бухвостова. - Около сырого дуба : рус. нар. песня / обраб. В. Савелова. - Буренушка : рус. нар. песня / обраб. Н. Горлова. - Вниз по Волге-реке... : рус. нар. песня / обраб. А. Рослова. - Уж ты, поле мое : рус. нар. песня / обраб. М. Балакирева. - Лучина : рус. нар. песня / обраб. В. Гусева. - За городом качки пливуть : укр. нар. песня / обраб. М. Леонтовича. - Лети, воробушек : укр. нар. песня / обраб. В. Тычины. - Кажуть люди, кажуть : укр. нар. песня / обраб. П. Милославского. - Зоре, моя вечiрняя : укр. нар. песня / обраб. В. Уманца. - Што не у пору калiна цвiла : белорус. нар. песня / обраб. В. Золотарева. - А мне трудненька : белорус. нар. песня / обраб. А. Туренкова. - Я у матушки жила : литов. нар. песня / обраб. Б. Дварионаса. - Эстонская полька / обраб В. Реймана. - Колесико : латыш. нар. танец / обраб. Т. Томкевич. - Уфа : тат. нар. песня / обраб. З. Хабибулина. - Стояна, ой, Стояна : югослав. нар. песня / обраб. П. Коньовича. - Венок из роз : англ. нар. песня / обраб. А. Моффита. - Рассказать ли в тишине... : фр. нар. песня / обраб. Коле. - Кукушка : швейцар. нар. песня / обраб. Р. Гунда. - Карлуша : бельг. нар. песня / обраб. В. Сибирского. - Макароны : итал. нар. песня / обраб. Д. Поропата. - Вечор ко мне девице : рус. нар. песня ; Яблочко : матрос. танец ; Нiч яка мiсячна : укр. нар. песня ; Если милая моя... : казах. нар. песня ; Варенички : евр. нар. песня / обраб. Ю. Наймушина. - Вишня : яп. нар. песня / обраб. неизвест. авт. - Ой, не стелися, хрещатий барвiнку ; Максим, козак залiзняк : укр. нар. песни / обраб. Н. Лысенко. |
| 461 |
Уровень набора |
_0 |
| 1 |
|
001RU/УОНБ/EK_N/604769480 |
| 1 |
|
200 |
| a |
|
Народные песни и танцы |
| b |
|
Ноты |
| e |
|
в обраб. для баяна |
| v |
|
Вып. 31 |
| 1 |
|
210 |
| a |
|
М. |
| c |
|
Советский композитор |
| d |
|
1974 - |
| 464 |
Аналитический уровень |
_0 |
| 1 |
|
2001 |
| a |
|
Солнце красное |
| e |
|
рус. нар. песня |
| 1 |
|
702 1 |
| a |
|
Левина |
| b |
|
З. |
| 4 |
|
030 |
| 464 |
Аналитический уровень |
_0 |
| 1 |
|
2001 |
| a |
|
Ай, все кумушки, домой |
| e |
|
рус. нар. песня |
| 464 |
Аналитический уровень |
_0 |
| 1 |
|
2001 |
| a |
|
Около сырого дуба |
| e |
|
рус. нар. песня |
| 464 |
Аналитический уровень |
_0 |
| 1 |
|
2001 |
| a |
|
Буренушка |
| e |
|
рус. нар. песня |
| 464 |
Аналитический уровень |
_0 |
| 1 |
|
2001 |
| a |
|
Вниз по Волге-реке... |
| e |
|
рус. нар. песня |
| 464 |
Аналитический уровень |
_0 |
| 1 |
|
2001 |
| a |
|
Уж ты, поле мое |
| e |
|
рус. нар. песня |
| 1 |
|
702 1 |
| a |
|
Балакирев |
| b |
|
М. |
| 4 |
|
030 |
| 464 |
Аналитический уровень |
_0 |
| 1 |
|
2001 |
| a |
|
Лучина |
| e |
|
рус. нар. песня |
| 464 |
Аналитический уровень |
_0 |
| 1 |
|
2001 |
| a |
|
За городом качки пливуть |
| e |
|
укр. нар. песня |
| 464 |
Аналитический уровень |
_0 |
| 1 |
|
2001 |
| a |
|
Лети, воробушек |
| e |
|
укр. нар. песня |
| 464 |
Аналитический уровень |
_0 |
| 1 |
|
2001 |
| a |
|
Кажуть люди, кажуть |
| e |
|
укр. нар. песня |
| 464 |
Аналитический уровень |
_0 |
| 1 |
|
2001 |
| a |
|
Зоре, моя вечiрняя |
| e |
|
укр. нар. песня |
| 464 |
Аналитический уровень |
_0 |
| 1 |
|
2001 |
| a |
|
Што не у пору калiна цвiла |
| e |
|
белорус. нар. песня |
| 464 |
Аналитический уровень |
_0 |
| 1 |
|
2001 |
| a |
|
А мне трудненька |
| e |
|
белорус. нар. песня |
| 464 |
Аналитический уровень |
_0 |
| 1 |
|
2001 |
| a |
|
Я у матушки жила |
| e |
|
литов. нар. песня |
| 1 |
|
702 1 |
| a |
|
Дварионас |
| b |
|
Б. |
| 4 |
|
030 |
| 464 |
Аналитический уровень |
_0 |
| 1 |
|
2001 |
| a |
|
Эстонская полька |
| 464 |
Аналитический уровень |
_0 |
| 1 |
|
2001 |
| a |
|
Колесико |
| e |
|
латыш. нар. танец |
| 464 |
Аналитический уровень |
_0 |
| 1 |
|
2001 |
| a |
|
Уфа |
| e |
|
тат. нар. песня |
| 464 |
Аналитический уровень |
_0 |
| 1 |
|
2001 |
| a |
|
Стояна, ой, Стояна |
| e |
|
югослав. нар. песня |
| 464 |
Аналитический уровень |
_0 |
| 1 |
|
2001 |
| a |
|
Венок из роз |
| e |
|
англ. нар. песня |
| 1 |
|
702 1 |
| a |
|
Моффит |
| b |
|
А. |
| 4 |
|
030 |
| 464 |
Аналитический уровень |
_0 |
| 1 |
|
2001 |
| a |
|
Рассказать ли в тишине... |
| e |
|
фр. нар. песня |
| 1 |
|
702 1 |
| a |
|
Коле |
| 4 |
|
030 |
| 464 |
Аналитический уровень |
_0 |
| 1 |
|
2001 |
| a |
|
Кукушка |
| e |
|
швейцар. нар. песня |
| 464 |
Аналитический уровень |
_0 |
| 1 |
|
2001 |
| a |
|
Карлуша |
| e |
|
бельг. нар. песня |
| 464 |
Аналитический уровень |
_0 |
| 1 |
|
2001 |
| a |
|
Макароны |
| e |
|
итал. нар. песня |
| 464 |
Аналитический уровень |
_0 |
| 1 |
|
2001 |
| a |
|
Вечор ко мне девице |
| e |
|
рус. нар. песня |
| 464 |
Аналитический уровень |
_0 |
| 1 |
|
2001 |
| a |
|
Вишня |
| e |
|
яп. нар. песня |
| 464 |
Аналитический уровень |
_0 |
| 1 |
|
2001 |
| a |
|
Ой, не стелися, хрещатий барвiнку |
| e |
|
укр. нар. песня |
| 1 |
|
702 1 |
| a |
|
Лысенко |
| b |
|
Н. |
| 4 |
|
030 |
| 464 |
Аналитический уровень |
_0 |
| 1 |
|
2001 |
| a |
|
Яблочко |
| e |
|
матрос. танец |
| 464 |
Аналитический уровень |
_0 |
| 1 |
|
2001 |
| a |
|
Нiч яка мiсячна |
| e |
|
укр. нар. песня |
| 464 |
Аналитический уровень |
_0 |
| 1 |
|
2001 |
| a |
|
Если милая моя... |
| e |
|
казах. нар. песня |
| 464 |
Аналитический уровень |
_0 |
| 1 |
|
2001 |
| a |
|
Варенички |
| e |
|
евр. нар. песня |
| 464 |
Аналитический уровень |
_0 |
| 1 |
|
2001 |
| a |
|
Максим, козак залiзняк |
| e |
|
укр. нар. песня |
| 1 |
|
702 1 |
| a |
|
Лысенко |
| b |
|
Н. |
| 4 |
|
030 |
| 512 |
Заглавие обложки |
1_ |
| a |
Заглавие обложки |
Народные песни и танцы |
| 606 |
Тематические рубрики |
0_ |
| a |
Основная рубрика |
Баян |
| x |
Основная подрубрика |
Народные песни и танцы |
| 610 |
Ключевые слова |
0_ |
| a |
Ключевые слова |
баян |
| 610 |
Ключевые слова |
0_ |
| a |
Ключевые слова |
народные песни |
| 610 |
Ключевые слова |
0_ |
| a |
Ключевые слова |
народные танцы |
| 686 |
Индексы других классификаций |
__ |
| a |
Классификационный индекс |
85.954.6-092я43 |
| 2 |
Код системы |
rubbk |
| 702 |
Вторичная интеллектуальная ответственность |
_1 |
| a |
Фамилия |
Наймушин |
| b |
Имя (инициалы) |
Ю. |
| 4 |
Код отношения |
220 |
| 801 |
Источник записи |
_0 |
| a |
Страна |
RU |
| b |
Организация |
Ульяновская ОНБ |
| c |
Дата составления |
20190320 |
| g |
Правила каталогизации |
RCR |
| 801 |
Источник записи |
_1 |
| a |
Страна |
RU |
| b |
Организация |
Ульяновская ОНБ |
| c |
Дата составления |
20190320 |
| g |
Правила каталогизации |
RCR |
| 901 |
Тип документа |
__ |
| t |
Тип документа |
n |
| w |
Контрольный № источника |
RU/УОНБ/EK_N/604769480 |
| 909 |
Создатель записи |
__ |
| a |
Создатель записи |
Грязнова И. Е. |
| 938 |
Служебная информация |
__ |
| a |
Имя БД |
noti |
| b |
Имя библиотеки |
УОНБ |
| c |
Имя АИБС |
МАРК-SQL |
| d |
Номер DOC_ID в БД |
20270 |